000
00218 a2200097 4500
001
30449
100
_a
Rattliff
245
_a
Shape that sentence
260
_a
London
_b
Thomas Nelson and Sons
_c
090
_c
20393
_d
20393
942
_a
NUST-CAE
_c
M
_c
11551
999
_c
265522
_d
265522